| 000 | 00916nam0a22002531 4500 | ||
|---|---|---|---|
| 001 | rc\178742 | ||
| 005 | 20030307113400.3 | ||
| 035 | _a(NLR Aleph) 005438882 | ||
| 090 |
_a4735904 _c4735904 |
||
| 100 | _a20030307d1995 u |0rusy50 ca | ||
| 101 | 0 | _arus | |
| 102 | _aRU | ||
| 105 | _ay ||||||||| | ||
| 200 | 1 |
_aПроблемы традиций в литературе _eСб. науч. тр. _fКурский гос. пед. ун-т _g[Редкол.: А.Е. Кедровский (отв. ред.) и др.] |
|
| 210 |
_aКурск _cКГПУ _d1995 |
||
| 215 |
_a127, [1] с. _d20 |
||
| 320 | _aБиблиогр. в примеч. в конце ст. | ||
| 702 | 1 |
_aКедровский _bА. Е. _gАндрей Ефимович _4340 |
|
| 712 | 0 | 2 |
_aКурский пед. ун-т _3RU\NLR\AUTH\889917745 |
| 801 | 0 |
_aRU _bNLR _gpsbo |
|
| 801 | 1 |
_aRU _bELAR _2rusmarc |
|
| 852 |
_aNLR _j96-3/583 |
||
| 942 | _cBOOK | ||
| 980 | _aNB | ||